駅ナンバリングが1駅につき4種類以上ある駅 - Statistics

General Stats
  • This quiz has been taken 393 times
  • The average score is 35 of 42
Answer Stats
都府県 駅名 ナンバリング % Correct
東京都 東京 JC01,JY01,JK26,JT01,JU01,JO19,JE01,M17
99%
埼玉県 大宮 JU07,JS24,JK47,JA26,TD01,NS01
98%
東京都 品川 JY25,JK20,JT03,JO17,KK01
98%
東京都 新宿 JY17,JA11,JS20,JC05,JB10,KO01,OH01,S01,E27,M08
98%
東京都 上野 JY05,JK30,JU02,J01,G16,H18
97%
東京都 池袋 JY13,JA12,JS21,TJ01,SI01,M25,Y09,F09
97%
東京都 渋谷 JY20,JA10,JS19,G01,Z01,F16,TY01,DT01,IN01
96%
神奈川県 横浜 JT05,JO13,JS13,JK12,KK37,TY21,MM01,SO01,B20
96%
東京都 秋葉原 JY03,JK28,JB19,H16
93%
東京都 新橋 JY29,JK24,JT02,JO18,G08,A10,U01
93%
東京都 神田 JC02,JY02,JK27,G13
92%
大阪府 大阪 JR-A47,JR-G47,JR-O11,JR-F01
92%
東京都 日暮里 JY07,JK32,JJ02,KS02,NT01
91%
東京都 大崎 JY24,JA08,JS17,R08
91%
広島県 広島 JR-G01,JR-R01,JR-Y01,JR-B01,JR-P01
91%
愛知県 名古屋 CA68,CF00,CJ00,H08,S02,AN01
90%
岡山県 岡山 JR-S01,JR-W01,JR-N01,JR-V01,JR-L01,JR-M01,JR-V01
90%
東京都 目黒 JY22,MG01,N01,I01
89%
京都府 京都 JR-A31,JR-B31,JR-D01,JR-E01,B01,K11
89%
東京都 赤羽 JA15,JS22,JU04,JK38
88%
千葉県 西船橋 JB30,JM10,T23,TR01
87%
神奈川県 大船 JT07,JS09,JO09,JK01.SMR1
85%
東京都 北千住 JJ05,TS09,H22,C18,TX05
84%
東京都 恵比寿 JY21,JA09,JS18,H02
84%
東京都 大手町 M18,T09,C11,Z08,I09
84%
神奈川県 小田原 JT16,OH47,OH47,ID01
84%
福岡県 小倉 JA28,JA51,JF01,JI01
84%
神奈川県 武蔵小杉 JO15,JO15,JN07,TY11,MG11
83%
神奈川県 新横浜 JH16,B25,SH01,SO52
83%
大阪府 天王寺 JR-O01,JR-Q20,JR-R20,M23,T27
83%
東京都 飯田橋 JB16,T06,Y13,N10,E06
79%
愛知県 金山 CA66,CF01,NH34,M01,F01
79%
東京都 西日暮里 JY08,JK33,C16,NT02
78%
神奈川県 戸塚 JT06,JO10,JS10,B06
75%
大阪府 京橋 JR-O08,JR-H41,KH04,N22
71%
東京都 四ツ谷 JC04.JB14,M12,N08
69%
東京都 市ケ谷 JB15,Y14,N09,S04
65%
大阪府 鶴橋 JR-O04,A04,D04,S19
65%
東京都 押上 Z14,TS03,A20,KS45
61%
愛知県 大曽根 CF 04,ST06,M12,Y01
52%
神奈川県 日吉 TY13,MG13,SH03,G10
49%
大阪府 大阪梅田 HK01,HK01,HK01,HS01
46%
No matching quizzes found
Score Distribution
Percent of People with Each Score
Percentile by Number Answered
Your Score History
You have not taken this quiz